000 00590nam a22002057a 4500
003 BUBTL
008 240814b ||||| |||| 00| 0 eng d
041 _aeng
082 _a347.54/ Si643i/ 2001
100 _95891
_aSingh, K.K.
245 _aThe Indian Evidence Act, 1872 (Act No. 1of 1872) /
_cK.K. Singh, H.P. Gupta
250 _a6th ed.
260 _aLucknow:
_bEastern Book Company,
_cc2001
300 _axxvii, 396 p. :
_c24 cm.
650 0 _926
_aLaw
700 _95892
_aGupta, H. P.
856 _k0
_l0
_yDownload
942 _2ddc
_cBK
999 _c7347
_d7347